000 00650nam a22002297a 4500
003 OSt
005 20220107122715.0
008 130525b xxu||||| |||| 00| 0 eng d
020 _a9788131733516
040 _cIIITM-K
082 _a005.82 STA/C
100 _aStallings, William
_9568
245 _aComputer security:
_bPrinciples and practice
_cby William Stallings, Lawrie Brown
260 _aNew Delhi,
_bPearson,
_c2008.
300 _axvii, 798p.
650 _aCOMPUTER SCIENCE
_9569
650 _aCOMPUTER SECURITY
_9570
650 _aCYBER SECURITY
_9571
650 _aCRYPTOGRAPHY
_9572
700 _aBrown, Lawrie
_9573
942 _2ddc
_cBK
999 _c3012
_d3012